India's struggle for independence, 1857-1947 / (Record no. 15958)

MARC details
000 -LEADER
fixed length control field 00895nam a2200253 a 4500
005 - DATE AND TIME OF LATEST TRANSACTION
control field 20181218122222.0
010 ## - LCCN (DPL NO)
LC control number B-310301-314
020 ## - INTERNATIONAL STANDARD BOOK NUMBER
International Standard Book Number 9780140107814
Terms of availability 299.00
035 ## - SYSTEM CONTROL NUMBER
System control number B-310301-314
035 ## - SYSTEM CONTROL NUMBER
System control number B-359062
037 ## - SOURCE OF ACQUISITION
Source of stock number/acquisition GDMK
082 ## - DEWEY DECIMAL CLASSIFICATION NUMBER
Classification number 954.03
245 ## - TITLE STATEMENT
Title India's struggle for independence, 1857-1947 /
Statement of responsibility, etc by Bipan Chandra ... [et al]
260 ## - PUBLICATION, DISTRIBUTION, ETC. (IMPRINT)
Place of publication, distribution, etc New Delhi
Name of publisher, distributor, etc Penguin Books
Date of publication, distribution, etc 1989
270 ## - ADDRESS
Address 11, Community Centre, Panchsheel Park
City New Delhi
Postal code 110017
300 ## - PHYSICAL DESCRIPTION
Extent 600 p.
Dimensions 22 cm. (pbk)
500 ## - GENERAL NOTE
General note Includes index.
504 ## - BIBLIOGRAPHY, ETC. NOTE
Bibliography, etc Bibliography: p. [529]-572.
650 ## - SUBJECT ADDED ENTRY--TOPICAL TERM
Topical term or geographic name as entry element Nationalism
Geographic subdivision India
General subdivision History.
700 ## - ADDED ENTRY--PERSONAL NAME
Personal name Chandra, Bipan.
942 ## - ADDED ENTRY ELEMENTS (KOHA)
Source of classification or shelving scheme Dewey Decimal Classification
Item type English Books
Classification part 954.03
Call number suffix CHA
Holdings
Withdrawn status Lost status Not for loan Collection code Home library Current library Date acquired Source of acquisition Cost, normal purchase price Full call number Barcode Copy number Cost, replacement price Koha item type
      Non-fiction Andrews Gunj Andrews Gunj 17/04/2009 GDMK /113 /12.1.09 /233 /12.12.08 /13.1.09 299.00 954.03 CHA B-310308 1 299.00 English Books
      Non-fiction Bawana Bawana 17/04/2009 GDMK /113 /12.1.09 /233 /12.12.08 /13.1.09 299.00 954.03 CHA B-310313 1 299.00 English Books
      Non-fiction Central Library Central Library 29/09/2008 GDMK /113 /12.1.09 /233 /12.12.08 /13.1.09 295.00 954.03 CHA B-310301 1 299.00 English Books
      Non-fiction Janak Puri Janak Puri 01/10/2009 GDMK/084/26.9.09/98/4.9.09/26.9.09 299.00 954.03 CHA B-359062 1 299.00 English Books
      Non-fiction Karol Bagh Karol Bagh 17/04/2009 GDMK /113 /12.1.09 /233 /12.12.08 /13.1.09 299.00 954.03 CHA B-310311 1 299.00 English Books
      Non-fiction Mobile Library Mobile Library 17/04/2009 GDMK /113 /12.1.09 /233 /12.12.08 /13.1.09 299.00 954.03 CHA B-310302 2 299.00 English Books
      Non-fiction Mobile Library Mobile Library 17/04/2009 GDMK /113 /12.1.09 /233 /12.12.08 /13.1.09 299.00 954.03 CHA B-310303 2 299.00 English Books
      Non-fiction Narela Narela 17/04/2009 GDMK /113 /12.1.09 /233 /12.12.08 /13.1.09 299.00 954.03 CHA B-310312 1 299.00 English Books
      Non-fiction Patel Nagar Patel Nagar 17/04/2009 GDMK /113 /12.1.09 /233 /12.12.08 /13.1.09 299.00 954.03 CHA B-310304 1 299.00 English Books
      Non-fiction Peshwa Road Peshwa Road 17/04/2009 GDMK /113 /12.1.09 /233 /12.12.08 /13.1.09 299.00 954.03 CHA B-310305 1 299.00 English Books
      Non-fiction R.K.Puram-8 R.K.Puram-8 17/04/2009 GDMK /113 /12.1.09 /233 /12.12.08 /13.1.09 299.00 954.03 CHA B-310307 1 299.00 English Books
Withdrawn     Non-fiction Sarojini Nagar Sarojini Nagar 17/04/2009 GDMK /113 /12.1.09 /233 /12.12.08 /13.1.09 299.00 954.03 CHA B-310306 1 299.00 English Books
      Non-fiction Shahdara Branch Shahdara Branch 17/04/2009 GDMK /113 /12.1.09 /233 /12.12.08 /13.1.09 299.00 954.03 CHA B-310314 1 299.00 English Books
      Non-fiction Sriniwas Puri Sriniwas Puri 17/04/2009 GDMK /113 /12.1.09 /233 /12.12.08 /13.1.09 299.00 954.03 CHA B-310309 1 299.00 English Books
      Non-fiction Vinoba Puri Vinoba Puri 17/04/2009 GDMK /113 /12.1.09 /233 /12.12.08 /13.1.09 299.00 954.03 CHA B-310310 1 299.00 English Books

© Delhi Public Library
Hit Counter
free hit counter